Select Pink Floyd Songs to the Corresponding Albums - Statistics

General Stats
  • This quiz has been taken 48 times
  • The average score is 40 of 48
Answer Stats
Question Tile Select % Correct
Pink Floyd Songs on The Wall Comfortably Numb Yes
100%
Pink Floyd Songs on The Wall Outside The Wall Yes
100%
Pink Floyd Songs on The Wall Quicksilver No
100%
Pink Floyd Songs on Meddle The Dogs of War No
100%
Pink Floyd Songs on The Wall The Gnome No
100%
Pink Floyd Songs on Meddle Dogs No
97%
Pink Floyd Songs on Meddle Stop No
97%
Pink Floyd Songs on Meddle Vera No
97%
Pink Floyd Songs on Ummagumma On the Run No
95%
Pink Floyd Songs on The Wall Party Sequence No
95%
Pink Floyd Songs on The Wall Summer '68 No
95%
Pink Floyd Songs on The Wall The Gunner's Dream No
95%
Pink Floyd Songs on Meddle The Trial No
95%
Pink Floyd Songs That Were Singles at Some Point A New Machine No
92%
Pink Floyd Songs on Meddle Echoes Yes
92%
Pink Floyd Songs on The Wall In the Flesh Yes
92%
Pink Floyd Songs on More Is There Anybody Out There No
92%
Pink Floyd Songs on More Obscured by Clouds No
92%
Pink Floyd Songs on Meddle San Tropez Yes
92%
Pink Floyd Songs That Were Singles at Some Point See Emily Play Yes
92%
Pink Floyd Songs on More High Hopes No
90%
Pink Floyd Songs on Ummagumma Louder Than Words No
90%
Pink Floyd Songs on Meddle Two Suns in the Sunset No
90%
Pink Floyd Songs That Were Singles at Some Point Crying Song No
87%
Pink Floyd Songs on Meddle Fearless Yes
87%
Pink Floyd Songs on The Wall In the Flesh? Yes
87%
Pink Floyd Songs That Were Singles at Some Point Wearing the Inside Out No
87%
Pink Floyd Songs on Ummagumma Several Species of Small Furry Animals Gathered Together in a Cave and Grooving With a Pict Yes
85%
Pink Floyd Songs That Were Singles at Some Point Terminal Frost No
85%
Pink Floyd Songs on Ummagumma Fat Old Sun No
82%
Pink Floyd Songs on Meddle A Pillow of Winds Yes
79%
Pink Floyd Songs on More Cymbaline Yes
79%
Pink Floyd Songs on More Dramatic Theme Yes
79%
Pink Floyd Songs on Ummagumma Grantchester Meadows Yes
79%
Pink Floyd Songs on Meddle Seamus Yes
79%
Pink Floyd Songs on Ummagumma Sysyphus Yes
79%
Pink Floyd Songs on Ummagumma The Grand Vizier's Garden Party Yes
79%
Pink Floyd Songs That Were Singles at Some Point Arnold Layne Yes
77%
Pink Floyd Songs on Ummagumma Interstellar Overdrive No
77%
Pink Floyd Songs on More A Spanish Piece Yes
72%
Pink Floyd Songs on More Ibiza Bar Yes
72%
Pink Floyd Songs on More Sum No
69%
Pink Floyd Songs on More Green is the Colour Yes
64%
Pink Floyd Songs on Meddle One of These Days Yes
64%
Pink Floyd Songs on Ummagumma The Narrow Way Yes
54%
Pink Floyd Songs That Were Singles at Some Point Wish You Were Here Yes
51%
Pink Floyd Songs That Were Singles at Some Point Julia Dream Yes
49%
Pink Floyd Songs That Were Singles at Some Point Point Me at the Sky Yes
46%
No matching quizzes found
Score Distribution
Percent of People with Each Score
Percentile by Number Answered
Your Score History
You have not taken this quiz